=LDR 00000nam 2200000 4500 =001 INLIS000000000052951 =005 20180315123519 =035 ##$$a 0010-0318000178 =007 ta =008 180315###########################0###### =020 ##$$a 978-975-1106-05-4 =082 ##$$a 745.593 =084 ##$$a 745.593 SET b =100 #$$a Setyorini W. =245 1#$$a Berkreasi dengan lilin warna /$c Setyorini W. =260 ##$$a Jakarta :$b Sinar Cemerlang,$c 2010 =300 ##$$a 58 hlm : $b ilus ; $c 21 cm =650 ##$$a Lilin-Kerajinan tangan =990 ##$$a 59895989 =990 ##$$a 59895989 =990 ##$$a 59895989 =990 ##$$a 59895989 =990 ##$$a 59895989 =990 ##$$a 21710806 =990 ##$$a 01201805989 =990 ##$$a 01201805990 =990 ##$$a 01201805991 =990 ##$$a 01201805992 =990 ##$$a 21710807 =990 ##$$a 01201805989 =990 ##$$a 01201805990 =990 ##$$a 01201805991 =990 ##$$a 21710806 =990 ##$$a 21710808 =990 ##$$a 01201805989 =990 ##$$a 01201805990 =990 ##$$a 21710807 =990 ##$$a 21710806 =990 ##$$a 21710809 =990 ##$$a 01201805989 =990 ##$$a 21710808 =990 ##$$a 21710807 =990 ##$$a 21710806 =990 ##$$a 21710810 =990 ##$$a 21710809 =990 ##$$a 21710808 =990 ##$$a 21710807 =990 ##$$a 21710806